D-DAY:The Turning point of WWII (Record no. 89374)
[ view plain ]
| 000 -LEADER | |
|---|---|
| fixed length control field | 00788nji a22002057a 4500 |
| 005 - DATE AND TIME OF LATEST TRANSACTION | |
| control field | 20141029125201.0 |
| 007 - PHYSICAL DESCRIPTION FIXED FIELD--GENERAL INFORMATION | |
| fixed length control field | CD |
| 008 - FIXED-LENGTH DATA ELEMENTS--GENERAL INFORMATION | |
| fixed length control field | 141016b xxu||||| |||| 00| 0 eng d |
| 010 ## - LIBRARY OF CONGRESS CONTROL NUMBER | |
| LC control number | DVD-008301 |
| 024 ## - OTHER STANDARD IDENTIFIER | |
| Standard number or code | 44560639284 |
| Terms of availability | 499.00 |
| 040 ## - CATALOGING SOURCE | |
| Original cataloging agency | DPL |
| 245 ## - TITLE STATEMENT | |
| Title | D-DAY:The Turning point of WWII |
| Statement of responsibility, etc | System Requrement |
| Medium | CD/ROM |
| 260 ## - PUBLICATION, DISTRIBUTION, ETC. (IMPRINT) | |
| Place of publication, distribution, etc | Delhi |
| Name of publisher, distributor, etc | BRI |
| Date of publication, distribution, etc | 2013 |
| 270 ## - ADDRESS | |
| Address | A-41,Ground Floor.(L-2) Mohan Cooperative,Main Mathura Road, |
| City | New Delhi |
| Country | India |
| 300 ## - PHYSICAL DESCRIPTION | |
| Other physical details | 1 disc |
| 440 ## - SERIES STATEMENT/ADDED ENTRY--TITLE | |
| Title | Profiles Series |
| 500 ## - GENERAL NOTE | |
| General note | Dozens of vivid photos of the solders and the generals tell the story in a way only picture can. |
| 942 ## - ADDED ENTRY ELEMENTS (KOHA) | |
| Source of classification or shelving scheme | Dewey Decimal Classification |
| Item type | CD-ROMs, DVDs, VHS |
| Call number suffix | BRI |
| Withdrawn status | Lost status | Source of classification or shelving scheme | Damaged status | Not for loan | Home library | Current library | Date acquired | Source of acquisition | Cost, normal purchase price | Total Checkouts | Full call number | Barcode | Date last seen | Date last borrowed | Copy number | Cost, replacement price | Price effective from | Koha item type |
|---|---|---|---|---|---|---|---|---|---|---|---|---|---|---|---|---|---|---|
| Dewey Decimal Classification | Central Library | Central Library | 21/01/2015 | BRITANNICA | 499.00 | 1 | BRI | DVD-008301 | 18/01/2016 | 16/01/2016 | 1 | 499.00 | 21/01/2015 | CD-ROMs, DVDs, VHS |
